MARC

LEADER 00000nam a2200000Ia 4500
001 22734
008 160829s9999 xx 000 0 cat d
080 |a FU-58-4 
245 |a Programa d'Entrenament de Directius de l'Administració Local :  |b  PEDAL 
260 |a Barcelona :  |b Diputació de Barcelona. Àrea de Règim Interior, Hisenda i Planificació, [s.a.] 
300 |a 25 p. :  |b  gràf. ;  |c 29 cm 
650 |a Aptitud per a la direcció  |9 45107 
710 |a Barcelona (Catalunya : Província).  |b Àrea de Règim Interior, Hisenda i Planificació  |9 53667 
901 |a Arxiu 
942 |n 1 
952 |0 0  |1 0  |4 0  |6 FU584  |7 1  |9 52605  |a Arxiu  |b Arxiu  |d 2016-12-01  |l 0  |o FU-58-4  |p 22734  |r 2016-12-01 00:00:00  |w 2016-12-01  |y ARXIU 
999 |c 56454  |d 56454